Представление документа в формате RUSMARC

ПолеНазваниеЗначение
  Тип записи a
  Библиографический уровень m
001 Контрольный номер RU\NLR\BIBL_A\011977845
005 Дата корректировки 20230707133311.1
010 Индекс ISBN __
a ISBN 978-5-17-114056-4
d Цена 100-41
021 № государственной регистрации __
a Код страны RU
035 Другие системные номера __
a Идентификатор записи (RuMoRGB)009907991
100 Данные общей обработки __
a Данные общей обработки 20200316d20192019|||y0rusy50######ca
101 Язык документа 1_
a Язык текста rus
c Язык оригинала eng
102 Страна публикации __
a Страна публикации RU
200 Заглавие и сведения об ответственности 1_
a Заглавие Падение дома Ашера
a Заглавие Рукопись, найденная в бутылке
a Заглавие Колодезь и маятник и другие произведения
f Первые сведения об ответственности Эдгар Аллан По
g Последующие сведения об ответственности перевод Михаила Энгельгардта
210 Выходные данные 1_
a Место издания Москва
c Издательство АСТ
d Дата издания 2019
215 Физическое описание __
a Объем 508, [2] с.
d Формат 22
225 Серия (Журнальная рубрика) 1_
a Серия (Журнальная рубрика) Классика мировой фантастики
327 Примечание о содержании 0_
a Примечание о содержании Содерж.: Необыкновенные приключения некого Ганса Пфааля ; Повесть о приключениях Артура Гордона Пима из Нантукета ; Рукопись, найденная в бутылке ; Свидание ; Морэлла ; Тень (притча) ; Лигейя ; Вильям Вильсон ; Разговор Эйроса и Хармионы [и др.]
333 Примечание о целевом назначении __
a Примечание о целевом назначении 12+
464 Аналитический уровень _0
1 2001
a Необыкновенные приключения некого Ганса Пфааля
464 Аналитический уровень _0
1 2001
a Повесть о приключениях Артура Гордона Пима из Нантукета
464 Аналитический уровень _0
1 2001
a Рукопись, найденная в бутылке
464 Аналитический уровень _0
1 2001
a Свидание
464 Аналитический уровень _0
1 2001
a Морэлла
464 Аналитический уровень _0
1 2001
a Тень (притча)
464 Аналитический уровень _0
1 2001
a Лигейя
464 Аналитический уровень _0
1 2001
a Падение дома
464 Аналитический уровень _0
1 2001
a Вильям Вильсон
464 Аналитический уровень _0
1 2001
a Разговор Эйроса и Хармионы
606 Тематические рубрики __
a Основная рубрика Художественная литература
606 Тематические рубрики __
a Основная рубрика Литература Америки (произведения)
610 Ключевые слова 0_
a Ключевые слова американская литература
a Ключевые слова детективы
a Ключевые слова психологическая проза
a Ключевые слова научная фантастика
a Ключевые слова рассказы
686 Индексы других классификаций __
a Индекс ББК 84(7Сое)-4
v Номер издания LBC/SL
2 Код системы rubbk
700 Автор _1
a Фамилия По
b Имя Э. А.
f Даты 1809-1849
3 Контрольный № нормативной записи RU\NLR\AUTH\773219
g Полное личное имя Эдгар Аллан
c Титул (звания) американский писатель
c Титул (звания) американский поэт
702 Вторичная интеллектуальная ответственность _1
a Фамилия Энгельгардт
b Имя М.
g Полное личное имя Михаил
c Титул (звания) переводчик
801 Источник записи _0
a Страна RU
b Организация NLR
c Дата составления 20190402
g Правила каталогизации RCR
801 Источник записи _1
a Страна RU
b Организация NLR
c Дата составления 20190402
2 Код формата rusmarc
801 Источник записи _2
a Страна RU
b Организация NLR
c Дата составления 20190419
2 Код формата rusmarc
801 Источник записи _1
a Страна RU
b Организация Центральная районная библиотека им. Г. А. Пирожникова
c Дата составления 20200316
852 Данные о местонахождении __
j Шифр хранения 84(7Сое)
i Авторский знак П 41
901 Тип документа __
t Тип документа m
902 Роль лиц __
b Редактор БЗ ОКиО/Колмакова